000 01360cam a22003737a 4500
003 CHAP
005 20220329141909.0
008 980427d1998 mx r 00110 spa d
010 _a75429
011 _a76401
035 _a85985
040 _cCHAP
090 _aTesis
100 0 0 _aSantiago Gregorio, Domingo.
_9102341
245 1 0 _aEstudio de algunos factores que afectan el enraizamiento de estacas de Tilia mexicana Schl.
_c/por Domingo Santiago Gregorio
260 _aChapingo, Méx. :
_bEl autor,
_c1998.
300 _a76 h. :
_bgráfs.
502 _aTesis (Ing. Forestal con Orientación en Silvicultura) -- UACH. División de Ciencias Forestales
590 _aALEPH
_b10
_c20130110
_lUCH01
_h1424
590 _aBATCH-UPD
_b10
_c20130110
_lUCH01
_h0729
590 _aBATCH-UPD
_b10
_c20130110
_lUCH01
_h2352
590 _aBATCH-UPD
_b10
_c20130410
_lUCH01
_h0412
590 _aBATCH-UPD
_b10
_c20130914
_lUCH01
_h1309
590 _aCONVERSION
_b10
_c20130109
_lUCH01
_h1341
650 1 4 _aEnraizamiento.
_937013
650 1 4 _aPropagación de plantas.
_992417
650 1 4 _aTilia mexicana.
_9113307
901 _aBK
905 _aAlejandra Carrasco M.
942 _cFOLL
949 _bBC
_cTES
_d33724000588885
_eTS2
_fc.2
_h32562
_i85985
_sb
949 _bBC
_cTES
_d33724000588976
_eTS2
_fc.3
_h32636
_i85985
_si
949 _bBC
_cTES
_d859851
_eTS1
_h32561
_i85985
_sb
999 _c75429
_d75429